Moderné logistické technológie v Industry 4.0

Analýza moderných logistických technológií v Industry 4.0 a poukázanie na dôležitosť jej uplatnenia v logistike podniku na základe zahraničných prieskumov a príkladu z podnikovej praxe. Teoretický pohľad na moderné logistické technológie v Industry 4.0. Aktuálny stav prostredníctvom rôznych publikov...

Descrizione completa

Salvato in:
Dettagli Bibliografici
Autore principale: Richnák, Patrik, 1988-
Natura: Capitolo di libro
Lingua:slovacco
Soggetti:
Tags: Aggiungi Tag
Nessun Tag, puoi essere il primo ad aggiungerne!!

MARC

LEADER 00000naa$a2200000$$$4500
001 0254651
005 20240502083727.9
041 0 |a slo 
044 |a CZ 
245 1 0 |a Moderné logistické technológie v Industry 4.0  |c Patrik Richnák 
520 |a Analýza moderných logistických technológií v Industry 4.0 a poukázanie na dôležitosť jej uplatnenia v logistike podniku na základe zahraničných prieskumov a príkladu z podnikovej praxe. Teoretický pohľad na moderné logistické technológie v Industry 4.0. Aktuálny stav prostredníctvom rôznych publikovaných štúdií. 
610 2 0 |a priemysel 4.0 
610 2 0 |a logistika 
610 2 0 |a technológie informačné 
610 2 0 |a technológie nové 
610 2 0 |a technológie komunikačné 
610 2 0 |a digitalizácia 
100 1 |a Richnák, Patrik, 1988-